000 00719nas a2200229 4500
001 BR9510347
003 BR-BrBNA
005 20231205095706.0
007 ta
008 230509b bl.|||p| |||| 00| 00por d
040 _aBR-BrBNA
_bpor
_cBiblioteca Nacional de Agricultura
041 _a(Pt)
072 _aH20
100 1 _aBitancourt, A.A.
245 1 _aRelacao das doencas e fungos parasitas observados na Seccao de Fitopatologia durante os anos 1931-1932
650 _aFungo
650 _aDoenca de Planta
650 _aSao Paulo
773 0 _tArchivos do Instituto Biologico (Brazil)
_xISSN 0020-3653
_g(1934), v. 5 p. 185-196
_wBR9510347
909 _a202311
_bLúcia
_c55
_dLúcia Elande
942 _2AGRIS
_n0
_cANA
999 _c152169
_d152169